Krajem Lipna /

Hlavní autor: Záloha, Jiří, 1926-2009
Další autoři: Hnízdo, Vladimír Jan, 1914-1978, Erhart, Josef, 1923-2009, Erhartová, Marie, 1937-
Jazyk: Čeština
Vydáno: České Budějovice : Jihočeské nakladatelství, 1980
Vydání: 1. vyd.
Témata:
Fyzický popis: 71 s., il. příl.
Knihy
Uloženo v:
LEADER 01019nam a22002772a 4500
001 000071637
003 CZ BrMZK
005 20110809144152.0
007 ta
008 950407s1980 xr f cze d
015 |a cnb000161049 
035 |a (OCoLC)7246814 
040 |a BOA001  |b cze 
100 1 |a Záloha, Jiří,  |d 1926-2009  |7 jk01152048  |4 aut 
245 1 0 |a Krajem Lipna /  |c Jiří Záloha 
250 |a 1. vyd. 
260 |a České Budějovice :  |b Jihočeské nakladatelství,  |c 1980 
300 |a 71 s., il. příl. 
700 1 |a Hnízdo, Vladimír Jan,  |d 1914-1978  |7 jk01041408 
700 1 |a Erhart, Josef,  |d 1923-2009  |7 jn19981000994 
700 1 |a Erhartová, Marie,  |d 1937-  |7 jo20000080541 
910 |a BOA001  |b PK-0088.467  |b 2-0821.243 
964 |a Lipno - přehrady (kraj) - publikace obrazové 
990 |a BK 
996 7 |b 2619415714  |c 2-0821.243  |l MZK  |r Sklad / do 1 hodiny  |n 0  |w 000071637  |u 000020  |a 1  |e BOA001  |j MZK50  |s A 
996 7 |b 3119963440  |c PK-0088.467  |l MZK  |r Sklad / do 1 hodiny  |n 3  |w 000071637  |u 000010  |a 1  |e BOA001  |j MZK50  |s A